Bailes de salón latinos paso a paso: Vallenato (Registro nro. 11691)
[ vista simple ]
| 000 -LEADER | |
|---|---|
| fixed length control field | 00735njm a22001577a 4500 |
| 005 - DATE AND TIME OF LATEST TRANSACTION | |
| control field | 20220720144203.0 |
| 008 - FIXED-LENGTH DATA ELEMENTS--GENERAL INFORMATION | |
| fixed length control field | 190301b xxu||||| |||| 00| 0 spa d |
| 245 ## - TITLE STATEMENT | |
| Title | Bailes de salón latinos paso a paso: Vallenato |
| 260 ## - PUBLICATION, DISTRIBUTION, ETC. (IMPRINT) | |
| Name of publisher | Naimara Producciones |
| 300 ## - PHYSICAL DESCRIPTION | |
| Number of Pages | 1 CD-ROM |
| 300 ## - PHYSICAL DESCRIPTION | |
| Number of Pages | 64:56 minutos |
| 505 ## - FORMATTED CONTENTS NOTE | |
| Formatted contents note | 1. No puedo vivir así.<br/>2. Eternamente.<br/>3. Sólo hay una.<br/>4. No lloraré.<br/>5. No regresarás.<br/>6. Regrésame la vida.<br/>7. Eres mi vida.<br/>8. No pude quitarte las espinas.<br/>9. Vuélvete a ir.<br/>10. La huella de tu amor.<br/>11. Mátame con tu adiós.<br/>12. El amor es divino.<br/>13. Sin amor también se vive.<br/>14. Cuando regreses. |
| 650 ## - SUBJECT ADDED ENTRY--TOPICAL TERM | |
| Topical Term | MÚSICA POPULAR |
| 650 ## - SUBJECT ADDED ENTRY--TOPICAL TERM | |
| Topical Term | VALLENATO (MÚSICA) |
| 942 ## - ADDED ENTRY ELEMENTS (KOHA) | |
| Koha item type | Música |
| Withdrawn status | Lost status | Damaged status | Not for loan | Home library | Current library | Date acquired | Total Checkouts | Full call number | Accession Number | Date last seen | Price effective from | Koha item type |
|---|---|---|---|---|---|---|---|---|---|---|---|---|
| Departamento de Biblioteca y Documentación Alfonso Chase Brenes | Departamento de Biblioteca y Documentación Alfonso Chase Brenes | 01/03/2019 | 60 DC | 60DC | 01/03/2019 | 01/03/2019 | Música |